| 000 | 00649nam a2200229 a 4500 | ||
|---|---|---|---|
| 005 | 20210219153009.0 | ||
| 008 | 991125n 000 0 u | ||
| 035 | _aUPN01000072042 | ||
| 100 | _aGrant, Carl A | ||
| 222 | _aPHI DELTA KAPPAN | ||
| 245 | _aDesegregation, racial attitudes, and intergroup contact : a discussion of change | ||
| 300 | _a25-32 | ||
| 362 | _a72, No. 1, 1990 | ||
| 505 | _aEnero 1991 | ||
| 653 | 0 | _aDESEGREGACION ESCOLAR | |
| 653 | 0 | _aDESEGREGACION RACIAL | |
| 653 | 0 | _aDISCRIMINACION RACIAL | |
| 653 | 0 | _aEDUCACION MULTICULTURAL | |
| 653 | 0 | _aINTEGRACION SOCIAL | |
| 904 |
_aAC _b009853 |
||
| 905 | _aArticulo | ||
| 999 |
_c65808 _d65808 |
||